书目信息 |
| 题名: |
国学中的经营之道
|
|
| 作者: | 宋志明 著 | |
| 分册: | ||
| 出版信息: | 北京 中国青年出版社 2016 |
|
| 页数: | 267页 | |
| 开本: | 23cm | |
| 丛书名: | ||
| 单 册: | ||
| 中图分类: | F272.3 | |
| 科图分类: | ||
| 主题词: | 国学--guo xue--应用--经营管理 | |
| 电子资源: | ||
| ISBN: | 978-7-5153-4096-8 | |
| 000 | 00803nam0 22002291 450 | |
| 001 | 0122100834 | |
| 005 | 20170322100834.0 | |
| 010 | @a978-7-5153-4096-8@dCNY38.00 | |
| 100 | @a20160511d2016 em y0chiy50 ea | |
| 101 | 0 | @achi |
| 102 | @aCN@b110000 | |
| 105 | @ay z 000yy | |
| 106 | @ar | |
| 200 | 1 | @a国学中的经营之道@9guo xue zhong de jing ying zhi dao@f宋志明著 |
| 210 | @a北京@c中国青年出版社@d2016 | |
| 215 | @a267页@d23cm | |
| 330 | @a本书以经营之道、国学资源及其相关性为切入点,从国学精神、先秦道家、儒家、墨家、兵家、法家、中国佛教和宋明理学等八个层面展开,为创业经营者提供了经营理念、经营方法。 | |
| 606 | 0 | @a国学@9guo xue@x应用@x经营管理 |
| 690 | @aF272.3@v5 | |
| 701 | 0 | @a宋志明@9song zhi ming@f(1947~)@4著 |
| 801 | 0 | @aCN@bTANGWEI@c20170308 |
| 905 | @b0960114-7@dF272.3@e1359@f4 | |
| 国学中的经营之道/宋志明著.-北京:中国青年出版社,2016 |
| 267页;23cm |
| ISBN 978-7-5153-4096-8:CNY38.00 |
| 本书以经营之道、国学资源及其相关性为切入点,从国学精神、先秦道家、儒家、墨家、兵家、法家、中国佛教和宋明理学等八个层面展开,为创业经营者提供了经营理念、经营方法。 |
| ● |
| 相关链接 |
|
|
|
|
正题名:国学中的经营之道
索取号:F272.3/1359
 
预约/预借
| 序号 | 登录号 | 条形码 | 馆藏地/架位号 | 状态 | 备注 |
| 1 | 0960114 | 209601144 | 第一样本阅览室/ [索取号:F272.3/1359] | 在馆 | |
| 2 | 0960115 | 209601153 | 第一借阅区/ [索取号:F272.3/1359] | 在馆 | |
| 3 | 0960116 | 209601162 | 第一借阅区/ [索取号:F272.3/1359] | 在馆 | |
| 4 | 0960117 | 209601171 | 密集书库-海洋学院/ [索取号:F272.3/1359] | 在馆 |